LEADER 00802nam0-2200289---450- 001 990009163250403321 005 20100720193943.0 035 $a000916325 035 $aFED01000916325 035 $a(Aleph)000916325FED01 035 $a000916325 100 $a20100322d1975----km-y0itay50------ba 101 0 $aita 102 $aIT 105 $aa-------001yy 200 1 $aEsercizio 1975 rendiconto$fAzienda acquedotto municipale 210 $aTorino$cTipografia Canavero$d1975 215 $a103 p.$cill.$d22 cm 610 0 $aAcquedotto 710 02$aAzienda acquedotto municipale di Torino$0434452 801 0$aIT$bUNINA$gRICA$2UNIMARC 901 $aBK 912 $a990009163250403321 952 $aIG 15 B 23$fDMIGI 959 $aDMIGI 996 $aEsercizio 1975 rendiconto$9778394 997 $aUNINA LEADER 03335 am 2200673 n 450 001 9910342654703321 005 20190614 010 $a2-7535-6688-7 024 7 $a10.4000/books.pur.137478 035 $a(CKB)4100000009526221 035 $a(FrMaCLE)OB-pur-137478 035 $a(oapen)https://directory.doabooks.org/handle/20.500.12854/56592 035 $a(PPN)267959710 035 $a(EXLCZ)994100000009526221 100 $a20191010j|||||||| ||| 0 101 0 $afre 135 $auu||||||m|||| 181 $ctxt$2rdacontent 182 $cc$2rdamedia 183 $acr$2rdacarrier 200 13$aLa politique par correspondance $eLes usages politiques de la lettre en Italie (xive-xviiie siècle) /$fSandro Landi, Jean Boutier, Olivier Rouchon 210 $aRennes $cPresses universitaires de Rennes$d2019 215 $a1 online resource (322 p.) 311 $a2-7535-0888-7 330 $aEntre le xive et le xviiie siècle, la lettre est au c?ur de transformations qui affectent l?identité individuelle et collective, les formes et les modalités des transactions politiques, et la perception de la réalité. La pratique épistolaire redéfinit insensiblement les sphères du privé et du public, redessine les contours de la domination territoriale, facilite l?émergence de nouvelles formes de relations politiques. Cette enquête collective étudie et replace la « révolution épistolaire », souvent inaperçue, dans l?espace extraordinairement dense des anciens États italiens. Le choix de l?Italie se révèle riche d?enseignements sur la lettre en elle-même, sur les réseaux de correspondance et sur le discours qu?elle véhicule. L?héritage humaniste a favorisé une réflexion sans précédents sur les formes de l?écriture épistolaire. Le caractère composite de ces États, la place qu?y occupent les mécanismes de patronage et de clientélisme, l?extrême volatilité des relations diplomatiques tant internes qu?externes à la péninsule, contribuent à donner aux correspondances un rôle essentiel dans les processus de communication politique et de construction de l?État moderne. 606 $aHistory 606 $acorrespondance 606 $ahistoire politique 606 $aItalie 606 $adiplomatie 610 $aItalie 610 $adiplomatie 610 $acorrespondance 610 $ahistoire politique 615 4$aHistory 615 4$acorrespondance 615 4$ahistoire politique 615 4$aItalie 615 4$adiplomatie 700 $aBertrand$b Gilles$0266778 701 $aBoutier$b Jean$0195137 701 $aBurkardt$b Albrecht$0502705 701 $aButtay$b Florence$01316468 701 $aCastagnetti$b Philippe$0792275 701 $aChapron$b Emmanuelle$0472887 701 $aLandi$b Sandro$0255147 701 $aPanzera$b Maria Cristina$01316469 701 $aReinhardt$b Nicole$01080112 701 $aRouchon$b Olivier$01286522 701 $aTaddei$b Ilaria$0261908 701 $aWaquet$b Jean-Claude$0171695 701 $aLandi$b Sandro$0255147 701 $aBoutier$b Jean$0195137 701 $aRouchon$b Olivier$01286522 801 0$bFR-FrMaCLE 906 $aBOOK 912 $a9910342654703321 996 $aLa politique par correspondance$93032684 997 $aUNINA LEADER 03437oam 22007935 450 001 9910783589103321 005 20200520144314.0 010 $a1-280-30527-4 010 $a9786610305278 010 $a0-8213-6361-1 024 7 $a10.1596/978-0-8213-6360-7 035 $a(CKB)1000000000225174 035 $a(EBL)459506 035 $a(OCoLC)63812342 035 $a(SSID)ssj0000085186 035 $a(PQKBManifestationID)11126205 035 $a(PQKBTitleCode)TC0000085186 035 $a(PQKBWorkID)10008477 035 $a(PQKB)10903923 035 $a(MiAaPQ)EBC459506 035 $a(Au-PeEL)EBL459506 035 $a(CaPaEBR)ebr10106734 035 $a(CaONFJC)MIL30527 035 $a(The World Bank)ocm62341638 035 $a(US-djbf)14175575 035 $a(EXLCZ)991000000000225174 100 $a20051121d2006 uf 0 101 0 $aeng 135 $aurcn||||||||| 181 $ctxt$2rdacontent 182 $cc$2rdamedia 183 $acr$2rdacarrier 200 10$aAccess for all : $ebuilding inclusive financial systems /$fBrigit Helms 210 1$aWashington, DC :$cWorld Bank,$d[2006] 210 4$dcopyright 2006. 215 $axii, 170 pages $cillustrations ;$d23 cm 300 $aDescription based upon print version of record. 311 $a0-8213-6360-3 320 $aIncludes bibliographical references and index. 327 $aContents; Foreword; Acknowledgments; The Consultative Group to Assist the Poor; Key Principles of Microfinance; Chapter 1. Introduction; Chapter 2. Poor and Low-Income Clients; Chapter 3. Financial Service Providers: The Micro Level; Chapter 4. Financial Infrastructure: The Meso Level; Chapter 5. Governments: The Macro Level; Chapter 6. Funders; Chapter 7. Cross-Cutting Challenges; Chapter 8. Conclusion; Afterword; Recommended Reading and Web Sites; References; Index 330 $aIn the past ten years, the world of microfinance has changed dramatically. The field has moved rapidly from early innovations in providing loans to help poor entrepreneurs start businesses to a bold vision of creating entire financial systems that work for the poor. Microfinance has proven to be an effective tool for reducing poverty and helping poor people to improve their lives. And yet a diverse range of potential clients still lack access to an array of financial services - not just credit for enterprise but also a safe place to save, the ability to transfer funds to family members, insura 410 0$aWorld Bank e-Library. 606 $aMicrofinance$zDeveloping countries 606 $aCredit$zDeveloping countries 606 $aFinancial institutions$zDeveloping countries 606 $aFinancial services industry$zDeveloping countries 606 $aPoor$zDeveloping countries 606 $aMicrofinance$xGovernment policy$zDeveloping countries 615 0$aMicrofinance 615 0$aCredit 615 0$aFinancial institutions 615 0$aFinancial services industry 615 0$aPoor 615 0$aMicrofinance$xGovernment policy 676 $a332.109172/4 700 $aHelms$b Brigit$01526994 712 02$aConsultative Group to Assist the Poorest. 801 0$bDLC 801 1$bDLC 801 2$bUKM 801 2$bC#P 801 2$bPUL 801 2$bBAKER 801 2$bCOO 801 2$bDLC 906 $aBOOK 912 $a9910783589103321 996 $aAccess for all$93769479 997 $aUNINA